| 000 | 00587nam a2200217Ia 4500 | ||
|---|---|---|---|
| 005 | 20260429111916.0 | ||
| 008 | 260429s9999||||xx |||||||||||||| ||und|| | ||
| 020 | _a9789349690516 | ||
| 041 | _aEnglish | ||
| 082 |
_a635.8 _bBHA |
||
| 100 | _aBhattacharjee, Kuntala | ||
| 245 | 0 |
_aMushroom : _bproduction and products / _cKuntala Bhattacharjee |
|
| 260 |
_aNew Delhi : _bAgri Horti Press, _c2026. |
||
| 300 | _ax, 235 p.; hb | ||
| 650 | _a Horticulture | ||
| 650 | _a Mushrooms | ||
| 650 | _aAgriculture | ||
| 700 | _a Kumar, Rakesh | ||
| 700 | _a Sarma, Anagha | ||
| 942 | _cTB | ||
| 999 |
_c51377 _d51377 |
||